ECLIPSE DE LA RAISON

Сохранить в:
Библиографические подробности
Главный автор: Horkheimer, Max (autor)
Формат:
Метки: Добавить метку
Нет меток, Требуется 1-ая метка записи!

MARC

LEADER 00000nam^a2200000^a^4500
001 000206082
005 20250521000000.0
009 20260310103138.185
035 |a 011625 
037 |a Acervo Xavier Clavigero 
082 |a 197. 50  |b HOR 
100 |a Horkheimer, Max  |e (autor) 
245 1 0 |a ECLIPSE DE LA RAISON 
264 |a Londres, Inglaterra :  |b Oxford University,  |c 1947 
336 |a texto  |b txt  |2 rdacontenido 
337 |a sin mediación  |b n  |2 rdamedio 
338 |a volumen  |b nc  |2 rdasoporte 
649 |a XX 
910 |a Fondo General 
920 |a Impresos - Libros 
930 |a Colección General 
905 |a 101 
901 |a 011625  |b IT1  |c ACC  |i 011625  |u 20250521 
902 |a https://opac.biblio.iteso.mx/vufind/Record/000206082